[Event "Kuwait Rapid op 1st"]
[Site "Kuwait City"]
[Date "2025.01.10"]
[Round "9"]
[White "Mohsen, Hussain"]
[Black "Alsayer, Bader"]
[Result "0-1"]
[WhiteElo "1623"]
[BlackElo "1666"]
[PlyCount "56"]
[EventDate "2025.01.09"]
[EventType "swiss (rapid)"]
[EventRounds "9"]
[EventCountry "KUW"]
[SourceTitle "CB03_2025"]
[SourceDate "2025.01.15"]
[SourceVersion "1"]
[SourceVersionDate "2025.01.15"]
[SourceQuality "1"]

1. c4 e5 2. Nc3 Nf6 3. g3 d5 4. cxd5 Nxd5 5. Bg2 Be6 6. Nf3 Nc6 7. 0-0 Nb6 8. d3 Be7 9. Be3 0-0 10. Nd2 f5 11. f4 Nd5 12. Nxd5 Bxd5 13. Bh3 g6 14. fxe5 Nxe5 15. Bf4 Bc5+ 16. Rf2 Bxf2+ 17. Kxf2 Re8 18. Rc1 Bc6 19. e4 Nxd3+ 20. Kf1 Nxc1 21. Qxc1 Qd3+ 22. Ke1 Rad8 23. Bf1 Rxe4+ 24. Nxe4 Qxe4+ 25. Be2 Bb5 26. Qe3 Qh1+ 27. Kf2 Qxh2+ 28. Kf3 Bc6+ 0-1

[Event "Kuwait Rapid op 1st"]
[Site "Kuwait City"]
[Date "2025.01.09"]
[Round "3"]
[White "Mariam, Khalifa Alqubaisi"]
[Black "Mohsen, Hussain"]
[Result "0-1"]
[WhiteElo "1426"]
[BlackElo "1623"]
[PlyCount "73"]
[EventDate "2025.01.09"]
[EventType "swiss (rapid)"]
[EventRounds "9"]
[EventCountry "KUW"]
[SourceTitle "CB03_2025"]
[SourceDate "2025.01.15"]
[SourceVersion "1"]
[SourceVersionDate "2025.01.15"]
[SourceQuality "1"]

1. e4 c5 2. Nf3 d6 3. Bb5+ Nd7 4. 0-0 e5 5. c3 a6 6. Bxd7+ Bxd7 7. h3 Nf6 8. Re1 Be7 9. d4 cxd4 10. cxd4 Qc7 11. Nc3 h6 12. Be3 0-0 13. Rc1 Qa5 14. Qb3 b5 15. dxe5 dxe5 16. Nxe5 Be6 17. Qc2 Rac8 18. a3 b4 19. a4 Qxe5 20. f4 Qb8 21. Rb1 bxc3 22. bxc3 Qa8 23. f5 Bc4 24. Bf4 Rfd8 25. Rb6 Bc5+ 26. Be3 Bxb6 27. Bxb6 Bd3 28. Qa2 Re8 29. e5 Nd7 30. Bd4 Bxf5 31. Rf1 Be6 32. Qf2 Nf8 33. Bc5 Qe4 34. Bxf8 Rxf8 35. Re1 Qxa4 36. Qb6 Rxc3 37. Qb1 0-1